000 00452nam a22001697a 4500
005 20241122121157.0
008 241122b sa ||||| |||| 00| 0 eng d
020 _a0708980791
_qhbk
040 _aRDA
_c3228
082 _aLP EF DEMI
100 _aDe Mille, Nelson
_955561
245 _aCathedral : Complete and unabridged
_bCathedral
260 _aLeicester
_bCharnwood
_c1981
300 _a697 pages
_c23 cm
521 _aadult
942 _2ddc
_cBOOK
_w470
_xPatience Mbowane
_y470
_zPatience Mbowane
999 _c770957
_d770956